Tourism : past, present and future

Αποθηκεύτηκε σε:
Λεπτομέρειες βιβλιογραφικής εγγραφής
Κύριος συγγραφέας: Burkart, A. J. (Arthur John)
Άλλοι συγγραφείς: Medlik, S.
Μορφή: Βιβλίο
Γλώσσα:English
Δημοσίευση: London : Heinemann, 1981
Έκδοση:2nd ed.
Θέματα:
Ετικέτες: Προσθήκη ετικέτας
Δεν υπάρχουν, Καταχωρήστε ετικέτα πρώτοι!

MARC

LEADER 00000nam a2200000 i 4500
001 1/32158
008 970403s1981 eng d
020 |a 0434901954 
035 |l 10023709 
040 |a GR-MY-UA  |b gre  |e aacr 
041 0 |a eng 
082 0 |a 338.4791 
100 1 |a Burkart, A. J.  |q (Arthur John) 
245 1 0 |a Tourism : past, present and future 
250 |a 2nd ed. 
260 |a London :   |b Heinemann,   |c 1981 
300 |a 366 p. 
650 0 0 |a Tourism. 
700 1 |a Medlik, S. 
852 |a INST  |b CHIOS  |e 19970403  |h 338.4791 BUR  |p 005200005180  |q 005200005180  |t BK  |y 0 
909 |a Χ  |b 001754